| 000 | 00634nam a2200193Ia 4500 | ||
|---|---|---|---|
| 008 | 140429s9999 xx 000 0 und d | ||
| 020 | _a9780321766564 | ||
| 050 |
_aQA 276 _b.L314 2012 |
||
| 100 | _aLarsen, Richard J. | ||
| 245 | 3 |
_aAn introduction to mathematical statistics and its applications / _cRichard J. Larsen and Morris L. Marx. |
|
| 250 | _a5th ed. | ||
| 260 |
_aBoston : _bPearson Prentice Hall, _cc2012. |
||
| 300 |
_a757 p. : _bill. ; _c26 cm. |
||
| 500 | _aIncludes bibliographical references and index. | ||
| 521 | _aGE | ||
| 650 |
_aMathematical statistics _xTextbooks. |
||
| 942 |
_kFOR _cBK |
||
| 999 |
_c115680 _d115680 |
||